Drapeaux de pays avec un Rubik's Cube #3 - Statistiques

Statistiques générales
  • Ce quiz a été pris 143 fois
  • Le résultat moyen est 9 sur 10
Statistiques - réponses
Drapeaux Pays % Correct
Russie
98%
Autriche
97%
Ukraine
96%
Irlande
94%
Luxembourg
94%
Danemark
90%
Bangladesh
83%
Hongrie
80%
Madagascar
78%
Lituanie
76%
Aucun quiz correspondant
Distribution des résultats
% des personnes avec chaque résultat
Percentile par nombre de réponses
Votre historique - résultats
Vous n’avez pas pris ce quiz